طاقة الرياح : (رقم التسجيلة. 7966)
[ عرض عادي ]
| 000 -LEADER | |
|---|---|
| fixed length control field | 00561nam a22001697a 4500 |
| 005 - DATE AND TIME OF LATEST TRANSACTION | |
| control field | 20251108164252.0 |
| 008 - FIXED-LENGTH DATA ELEMENTS--GENERAL INFORMATION | |
| fixed length control field | 250721s1993 xx 000 0 ara d |
| 082 14 - DEWEY DECIMAL CLASSIFICATION NUMBER | |
| Classification number | 621.45/فلا |
| 100 1# - MAIN ENTRY--PERSONAL NAME | |
| Personal name | فلافين، كريستوفر |
| 245 10 - TITLE STATEMENT | |
| Title | طاقة الرياح : |
| Remainder of title | نقطة التحول / |
| 264 1# - PRODUCTION, PUBLICATION, DISTRIBUTION, MANUFACTURE, AND COPYRIGHT NOTICE | |
| Place of production, publication, distribution, manufacture | القاهرة : |
| Name of producer, publisher, distributor, manufacturer | الجمعية المصرية للنشر المعرفة و الثقافة، |
| Date of production, publication, distribution, manufacture, or copyright notice | 1993. |
| 300 ## - PHYSICAL DESCRIPTION | |
| Extent | 87ص |
| 650 17 - SUBJECT ADDED ENTRY--TOPICAL TERM | |
| Topical term or geographic name as entry element | طاقة الرياح |
| 700 1# - ADDED ENTRY--PERSONAL NAME | |
| Personal name | هدارة، سيد رمضان |
| Relator term | ترجمة |
| 942 ## - ADDED ENTRY ELEMENTS (KOHA) | |
| Source of classification or shelving scheme | Dewey Decimal Classification |
| Koha item type | كتب |
| حالة السحب | حالة الفقدان | مصدر التصنيف | حالة التلف | غير قابل للإعارة | المكتبة الرئيسية | المكتبة الحالية | موقع الرف | تاريخ التزويد | الرقم المتسلسل | Total Checkouts | رقم الإستدعاء | تاريخ آخر ظهور | تاريخ الفاتورة | نوع المادة (كوها) | الباركود |
|---|---|---|---|---|---|---|---|---|---|---|---|---|---|---|---|
| Dewey Decimal Classification | Unchecked | مكتبة أم قصير والمقابلين العامة | مكتبة أم قصير والمقابلين العامة | الإعارة | 06/07/2004 | 4875 | 621.45/فلا | 28/07/2025 | 06/07/2004 | كتب | |||||
| Dewey Decimal Classification | Unchecked | مكتبة الأميرة ايمان العامة | مكتبة الأميرة ايمان العامة | الإعارة | 06/07/2004 | 6235 | 621.45/فلا | 28/07/2025 | 06/07/2004 | كتب | |||||
| Dewey Decimal Classification | Unchecked | مكتبة الاميرة بديعة | مكتبة الاميرة بديعة | الإعارة | 06/07/2004 | 4629 | 621.45/فلا | 28/07/2025 | 06/07/2004 | كتب | |||||
| Dewey Decimal Classification | مكتبة الجويدة | مكتبة الجويدة | الإعارة | 29/06/2015 | (4619) | 621.45/فلا | 28/07/2025 | 29/06/2015 | كتب | PLD00334818 | |||||
| Dewey Decimal Classification | Unchecked | مكتبة النصر العامة | مكتبة النصر العامة | الإعارة | 06/07/2004 | 6966 | 621.45/فلا | 28/07/2025 | 06/07/2004 | كتب | |||||
| Dewey Decimal Classification | مكتبة حمزة العامة | مكتبة حمزة العامة | الإعارة | 02/06/2015 | [5203]. | 621.45/فلا | 28/07/2025 | 02/06/2015 | كتب | PLD00328630 | |||||
| Dewey Decimal Classification | مكتبة صويلح العامة | مكتبة صويلح العامة | الإعارة | 14/06/2019 | [9990]... | 621.45/فلا | 28/07/2025 | 14/06/2019 | كتب | PLD00454185 | |||||
| Dewey Decimal Classification | مكتبة وادي السير العامة | مكتبة وادي السير العامة | الإعارة | 13/04/2016 | [5430].... | 621.45/فلا | 28/07/2025 | 13/04/2016 | كتب | PLD00386305 |